| 000 | 00659nam a2200181Ia 4500 | ||
|---|---|---|---|
| 003 | GCL | ||
| 008 | 140319s9999 xx 000 0 ara d | ||
| 040 |
_aGCL / _cGCL |
||
| 082 | 0 | 4 |
_a250 _bم ش |
| 100 | 1 | _aمحمد بن عبدالباقى بن يوسف الزر | |
| 245 | 1 | 0 |
_aشرح الزرقانى على موطا الامام مالك. ط1 / _cمحمد بن عبدالباقى بن يوسف الزر |
| 260 |
_a[S.N] : _bدار الكتب العلمية للنشر والتوزيع ، _c1990 |
||
| 300 | _a562 ص | ||
| 490 | _a | ||
| 650 | 0 | 4 | _aمسند مالك بن انسى |
| 650 | 0 | 4 | _aالحديث - مسند ابو انسى |
| 942 |
_2ddc _cBK |
||
| 999 |
_c53197 _d53197 |
||